000 00308nam a22001337a 4500
008 170215b xxu||||| |||| 00| 0 eng d
020 _a9780781769235
041 _aeng
080 _23RD
_a61
100 _a4
101 _aSHM
245 _aPHOTO ATLAS OF MEDICATION ADMINISTRATION
_cLYNN, P
942 _2udc
_cBK
999 _c5559
_d5559